Disney Animated Characters (Part 1) - Statistics

General Stats
  • This quiz has been taken 57 times
  • The average score is 149 of 317
Answer Stats
Hint Answer % Correct
Snow White and the Seven Dwarfs Grumpy
91%
Snow White and the Seven Dwarfs Doc
89%
Snow White and the Seven Dwarfs Sleepy
89%
Snow White and the Seven Dwarfs Snow White
89%
Alice in Wonderland Alice
86%
Treasure Planet Dr. Delbert Doppler
86%
Snow White and the Seven Dwarfs Happy
86%
Treasure Planet John Silver
86%
A Goofy Movie Pete
86%
Peter Pan | Return to Neverland Peter Pan
86%
Recess: School's Out Principal Peter Prickly
86%
Peter Pan Wendy
86%
Treasure Planet Captain Amelia
83%
The Many Adventures of Winnie the Pooh Christopher Robin
83%
Snow White and the Seven Dwarfs Dopey
83%
Dumbo Dumbo
83%
Peter Pan John
83%
Cinderella Prince Charming
83%
Snow White and the Seven Dwarfs The Prince
83%
Cinderella Cinderella
80%
Lady and the Tramp Lady
80%
Pinocchio Pinocchio
80%
Snow White and the Seven Dwarfs Sneezy
80%
The Many Adventures of Winnie the Pooh Winnie the Pooh
80%
The Jungle Book Baloo
77%
Bambi Bambi
77%
Beauty and the Beast Belle
77%
Peter Pan | Return to Neverland Captain Hook
77%
Pinocchio Geppetto
77%
Cinderella Gus
77%
Hercules Hercules
77%
The Jungle Book Mowgli
77%
Beauty and the Beast The Beast
77%
Alice in Wonderland The Mad Hatter
77%
The Little Mermaid Ariel
74%
Sleeping Beauty Aurora (Sleeping Beauty)
74%
Snow White and the Seven Dwarfs Bashful
74%
Snow White and the Seven Dwarfs Grimhilde / Queen
74%
Hercules Hades
74%
Atlantis: The Lost Empire Kashekim Nedakh
74%
Cinderella Lady Tremaine (Stepmother)
74%
Mulan Mulan
74%
The Lion King Nala
74%
The Many Adventures of Winnie the Pooh Piglet
74%
The Lion King Simba
74%
Lilo & Stitch Stitch
74%
Tarzan Tarzan
74%
Cinderella The King
74%
Alice in Wonderland The Queen of Hearts
74%
The Many Adventures of Winnie the Pooh Tigger
74%
Peter Pan Tinker Bell
74%
Lady and the Tramp Tramp
74%
Aladdin Aladdin
71%
Cinderella Anastasia Tremaine
71%
Recess: School's Out Dr. Phillium Benedict
71%
The Many Adventures of Winnie the Pooh Eeyore
71%
Beauty and the Beast Gaston
71%
Aladdin Jafar
71%
Return to Neverland | Tarzan Jane
71%
Treasure Planet Jim Hawkins
71%
Pinocchio Jiminy Cricket
71%
Pocahontas John Smith
71%
Lilo & Stitch Lilo Pelekai
71%
The Lion King Mufasa
71%
Pocahontas Pocahontas
71%
Robin Hood Robin Hood
71%
The Lion King Scar
71%
Bambi Thumper
71%
The Lion King Timon
71%
The Little Mermaid Ursula / Vanessa
71%
The Sword in the Stone Arthur
69%
Beauty and the Beast Cogsworth
69%
Aladdin Jasmine
69%
The Many Adventures of Winnie the Pooh Kanga
69%
Robin Hood Little John
69%
Beauty and the Beast Lumière
69%
Hercules Megara
69%
Peter Pan Michael
69%
Hercules Philoctetes "Phil"
69%
The Lion King Pumbaa
69%
The Many Adventures of Winnie the Pooh Roo
69%
The Little Mermaid Sebastian
69%
One Hundred and One Dalmatians Cruella de Vil
66%
The Nightmare Before Christmas Doctor Finklestein
66%
Cinderella Drizella Tremaine
66%
Aladdin Genie
66%
The Nightmare Before Christmas Jack Skellington
66%
The Little Mermaid King Triton
66%
Sleeping Beauty Maleficent
66%
The Aristocats Marie
66%
Cinderella Mary
66%
Pocahontas Meeko
66%
One Hundred and One Dalmatians Pongo
66%
The Many Adventures of Winnie the Pooh Rabbit
66%
Alice in Wonderland The Cheshire Cat
66%
Aladdin The Sultan
66%
Alice in Wonderland The White Rabbit
66%
Aladdin Abu
63%
The Little Mermaid Flounder
63%
A Goofy Movie Goofy
63%
Recess: School's Out Gus Griswald
63%
Mulan Mushu
63%
Oliver and Company Oliver
63%
The Hunchback of Notre Dame Quasimodo
63%
The Jungle Book Shere Khan
63%
The Lion King Zazu
63%
Beauty and the Beast Chip
60%
The Lion King Ed
60%
The Hunchback of Notre Dame Esmeralda
60%
Sleeping Beauty Fauna
60%
Sleeping Beauty Flora
60%
Cinderella Jaq
60%
The Emperor's New Groove Kuzco
60%
Beauty and the Beast Maurice
60%
A Goofy Movie Max
60%
Sleeping Beauty Merryweather
60%
Beauty and the Beast Mrs Potts
60%
The Nightmare Before Christmas Sally
60%
Cinderella The Fairy Godmother
60%
The Emperor's New Groove Yzma
60%
Treasure Planet B.E.N.
57%
The Aristocats Duchess
57%
Pocahontas Governor Ratcliffe
57%
Dinosaur Kron
57%
The Many Adventures of Winnie the Pooh Owl
57%
Robin Hood Prince John
57%
The Lion King Rafiki
57%
The Lion King Sarabi
57%
Treasure Planet Sarah Hawkins
57%
The Jungle Book Bagheera
54%
The Hunchback of Notre Dame Claude Frollo
54%
Pocahontas Flit
54%
Bambi Flower
54%
Aladdin Iago
54%
The Emperor's New Groove Kronk
54%
The Sword in the Stone Merlin
54%
Peter Pan | Return to Neverland Mr. Smee
54%
Lilo & Stitch Nani Pelekai
54%
Mulan Shang
54%
Pinocchio The Blue Fairy
54%
Lilo & Stitch Captain Gantu
51%
The Fox and the Hound Copper
51%
Lilo & Stitch Grand Councilwoman
51%
The Jungle Book Kaa
51%
Beauty and the Beast Lefou
51%
Sleeping Beauty Philip
51%
The Little Mermaid Scuttle
51%
Alice in Wonderland The March Hare
51%
Pocahontas Thomas
51%
The Sword in the Stone Archimedes
49%
The Rescuers Bernard
49%
Tarzan Clayton
49%
Lady and the Tramp Jock
49%
The Aristocats J. Thomas O'Malley
49%
The Jungle Book King Louie
49%
Robin Hood Maid Marian
49%
The Nightmare Before Christmas Oogie Boogie
49%
Hercules Pain
49%
Hercules Panic
49%
Mulan Shan Yu
49%
The Lion King Shenzi
49%
The Fox and the Hound Tod
49%
The Rescuers Bianca
46%
Pinocchio Cleo
46%
Lilo & Stitch David Kawena
46%
Pinocchio Figaro
46%
Cinderella Lucifer
46%
Atlantis: The Lost Empire Milo Thatch
46%
Recess: School's Out Ms. Alordayne Grotke
46%
The Emperor's New Groove Pacha
46%
One Hundred and One Dalmatians Perdita
46%
Snow White and the Seven Dwarfs The Huntsman
46%
The Aristocats Toulouse
46%
Alice in Wonderland Tweedledee
46%
Alice in Wonderland Tweedledum
46%
One Hundred and One Dalmatians Anita
43%
The Lion King Banzai
43%
The Great Mouse Detective Basil
43%
The Aristocats Berlioz
43%
Dumbo Mrs Jumbo
43%
One Hundred and One Dalmatians Roger
43%
Dumbo Timothy Q. Mouse
43%
Bambi Faline
40%
The Sword in the Stone Madam Mim
40%
Peter Pan Nana
40%
Pocahontas Percy
40%
Pinocchio Stromboli
40%
Recess: School's Out T.J. Detweiler
40%
Lilo & Stitch Wendy Pleakley
40%
Alice in Wonderland Caterpillar
37%
Lilo & Stitch Dr. Jumba Jookiba
37%
One Hundred and One Dalmatians Jasper
37%
Tarzan Kerchak
37%
Mulan Ling
37%
The Rescuers Penny
37%
Robin Hood Sheriff of Nottingham
37%
Cinderella Bruno
34%
The Aristocats Edgar
34%
Robin Hood Friar Tuck
34%
One Hundred and One Dalmatians Horace
34%
Tarzan Kala
34%
The Rescuers Madame Medusa
34%
The Great Mouse Detective Professor Ratigan
34%
The Nightmare Before Christmas The Mayor
34%
Peter Pan Tiger Lily
34%
Mulan Yao
34%
The Fox and the Hound Big Mama
31%
The Little Mermaid Chef Louis
31%
Lilo & Stitch Cobra Bubbles
31%
Lady and the Tramp Darling
31%
Pinocchio Gideon
31%
The Hunchback of Notre Dame Phoebus
31%
The Nightmare Before Christmas Santa Claus
31%
Robin Hood Sir Hiss
31%
Tarzan Tantor
31%
Peter Pan The Lost Boys
31%
Atlantis: The Lost Empire Kidagakash "Kida" Nedakh
29%
Sleeping Beauty King Stephen
29%
A Goofy Movie Roxanne
29%
The Black Cauldron Taran
29%
Mulan The Emperor
29%
Dumbo The Ringmaster
29%
Lady and the Tramp Trusty
29%
Dinosaur Aladar
26%
Bambi Bambi's Mother
26%
Treasure Planet Billy Bones
26%
The Emperor's New Groove Chicha
26%
The Many Adventures of Winnie the Pooh Gopher
26%
Pocahontas Grandmother Willow
26%
Oliver and Company Jenny
26%
Pocahontas Kocoum
26%
Pinocchio Lampwick
26%
The Great Mouse Detective Olivia
26%
The Black Cauldron Princess Eilonwy
26%
The Black Cauldron The Horned King
26%
Robin Hood Alan-a-Dale (Rooster)
23%
Tarzan Archimedes Porter
23%
The Hunchback of Notre Dame Clopin
23%
Pinocchio Coachman
23%
Oliver and Company Dodger
23%
Oliver and Company Georgette
23%
The Little Mermaid Grimsby
23%
Sleeping Beauty King Hubert
23%
The Great Mouse Detective Major Dr. David Q. Dawson
23%
Peter Pan Mr Darling
23%
Peter Pan Mrs Darling
23%
Pocahontas Nakoma
23%
Oliver and Company Rita
23%
Cinderella The Grand Duke
23%
Oliver and Company Tito
23%
Lady and the Tramp Aunt Sarah
20%
Oliver and Company Bill Sykes
20%
Mulan Chen-Po
20%
Mulan Chi-Fu
20%
Oliver and Company Fagan
20%
Atlantis: The Lost Empire Gaetan "Mole" Molière
20%
The Black Cauldron Gurgi
20%
Robin Hood Lady Kluck
20%
The Sword in the Stone Sir Kay
20%
Tarzan Turk
20%
Oliver and Company Einstein
17%
Oliver and Company Francis
17%
Lady and the Tramp Jim Dear
17%
Lilo & Stitch Mertle Edmonds
17%
The Sword in the Stone Sir Ector
17%
The Emperor's New Groove Tipo
17%
The Nightmare Before Christmas Zero
17%
Recess: School's Out Ashley Spinelli
14%
Atlantis: The Lost Empire Audrey Ramirez
14%
The Emperor's New Groove Bucky
14%
The Little Mermaid Carlotta
14%
Pocahontas Chief Powhatan
14%
Atlantis: The Lost Empire Commander Lyle Rourke
14%
Atlantis: The Lost Empire Lieutenant Helga Sinclair
14%
One Hundred and One Dalmatians Nanny
14%
A Goofy Movie PJ
14%
Dinosaur Plio
14%
Lady and the Tramp Tony
14%
Dinosaur Baylene
11%
Dinosaur Burton
11%
The Emperor's New Groove Chacha
11%
Atlantis: The Lost Empire Cookie Farnsworth
11%
The Black Cauldron Dallben
11%
Atlantis: The Lost Empire Dr. Joshua Sweet
11%
Dinosaur Eema
11%
Bambi Friend Owl
11%
Mulan Grandmother Fa
11%
Dinosaur Neera
11%
Atlantis: The Lost Empire Preston B. Whitmore
11%
Dinosaur Suri
11%
Atlantis: The Lost Empire Vincenzo "Vinny" Santorini
11%
Oliver and Company Winston
11%
Dinosaur Yar
11%
Dinosaur Zini
11%
Recess: School's Out Becky Detweiler
9%
A Goofy Movie Bobby
9%
The Jungle Book Colonel Hathi
9%
Dumbo Dandy Crow
9%
Return to Neverland Daniel "Danny"
9%
Dumbo Elephant Matriarch
9%
Recess: School's Out Gretchen Grundler
9%
Recess: School's Out Mikey Blumberg
9%
Treasure Planet Morph
9%
Treasure Planet Mr. Arrow
9%
Atlantis: The Lost Empire Mr. Harcourt
9%
Recess: School's Out Muriel Finster
9%
Treasure Planet Scroop
9%
Recess: School's Out Vince LaSalle
9%
Atlantis: The Lost Empire Wilhelmina Packard
9%
Pinocchio "Honest" John Worthington Foulfellow
6%
Recess: School's Out King Bob
6%
Recess: School's Out Randall Weems
6%
Return to Neverland Wendy Darling
3%
No matching quizzes found
Score Distribution
Percent of People with Each Score
Percentile by Number Answered
Your Score History
You have not taken this quiz